| 000 | 00717nam a2200253Ia 4500 | ||
|---|---|---|---|
| 003 | OSt | ||
| 005 | 20221005062553.0 | ||
| 006 | a|||||r|||| 00| 0 | ||
| 007 | ta | ||
| 008 | 221004b |||||||| |||| 00| 0 eng d | ||
| 020 |
_a0761942971 _c1539.23 |
||
| 024 | _a84881 | ||
| 037 |
_b384, 24/03/2006, Bhartiya Sahitya Bhawan _cTextual |
||
| 040 |
_aCRL _cCRL _beng |
||
| 041 |
_2eng _aeng |
||
| 082 | _aY5, P5 | ||
| 100 | _aBest Shaun | ||
| 245 | 0 | _aUnderstanding social divisions | |
| 260 |
_aLondon _bSage Publication U. K. _c2005 |
||
| 300 |
_a333p. _ccm. |
||
| 650 | _aSOCIOLOGY | ||
| 942 |
_hY5, P5 _cTEXL _2cc |
||
| 999 |
_c969891 _d969891 |
||